Ecosystems, energy, population (Record no. 52907)
[ view plain ]
| 000 -LEADER | |
|---|---|
| fixed length control field | 00559nam a2200205Ia 4500 |
| 001 - CONTROL NUMBER | |
| control field | 55569 |
| 008 - FIXED-LENGTH DATA ELEMENTS--GENERAL INFORMATION | |
| fixed length control field | 140506s9999 xx 000 0 und d |
| 020 ## - INTERNATIONAL STANDARD BOOK NUMBER | |
| International Standard Book Number | 0721689302 |
| 040 ## - CATALOGING SOURCE | |
| Transcribing agency | PK-LaUMT |
| 082 ## - DEWEY DECIMAL CLASSIFICATION NUMBER | |
| Classification number | MAL 304.2 |
| Item number | ECO- |
| 100 ## - MAIN ENTRY--PERSONAL NAME | |
| Personal name | Turk, Jonathan |
| 245 ## - TITLE STATEMENT | |
| Title | Ecosystems, energy, population |
| Statement of responsibility, etc | Turk, Jonathan<>Wittes, Janet T.<>Wittes, Robert<>Turk, Amos |
| 260 ## - PUBLICATION, DISTRIBUTION, ETC. (IMPRINT) | |
| Place of publication, distribution, etc | Philadelphia,USA: |
| Name of publisher, distributor, etc | W. B. Saunders, |
| Date of publication, distribution, etc | 1975 |
| 300 ## - PHYSICAL DESCRIPTION | |
| Extent | 296 p. |
| 546 ## - LANGUAGE NOTE | |
| Language note | EN |
| 700 ## - ADDED ENTRY--PERSONAL NAME | |
| Personal name | Turk, Amos |
| 700 ## - ADDED ENTRY--PERSONAL NAME | |
| Personal name | Wittes, Janet T. |
| 700 ## - ADDED ENTRY--PERSONAL NAME | |
| Personal name | Wittes, Robert |
| 942 ## - ADDED ENTRY ELEMENTS (KOHA) | |
| Koha item type | Books |
| Withdrawn status | Lost status | Damaged status | Not for loan | Home library | Current library | Date acquired | Total Checkouts | Full call number | Barcode | Date last seen | Price effective from | Koha item type |
|---|---|---|---|---|---|---|---|---|---|---|---|---|
| UMT Main Campus | UMT Main Campus | 2014-05-06 | MAL 304.2 ECO- | 75984 | 2014-05-08 | 2014-05-08 | Books |
